Estudio del proyecto de canalización del Arroyo Napostá (Pdo. Bahía Blanca) y Arroyo Los Gauchos (Pdo. Cnel. Dorrego) /
Guardado en:
| Autor Principal: | |
|---|---|
| Formato: | Libro |
| Idioma: | Spanish |
| Publicado: |
Bahía Blanca :
Universidad nacional del Sur,
1980.
|
| Series: | Práctica final de carrera
|
| Etiquetas: |
Agregar Etiqueta
Sin Etiquetas, Sea el primero en etiquetar este registro!
|
| LEADER | 00593nam a22001455a 4500 | ||
|---|---|---|---|
| 001 | EUN.um057287 | ||
| 008 | 041125s1980####ag#a##########000#0#spa#d | ||
| 005 | 20260401115920.0 | ||
| 245 | 1 | 0 | |a Estudio del proyecto de canalización del Arroyo Napostá (Pdo. Bahía Blanca) y Arroyo Los Gauchos (Pdo. Cnel. Dorrego) / |c Roberto E. Storani. |
| 260 | |a Bahía Blanca : |b Universidad nacional del Sur, |c 1980. | ||
| 300 | |a 3 v. : |b ilus. ; |c 35 cm.. | ||
| 490 | 0 | |a Práctica final de carrera | |
| 100 | 1 | |a Storani, Roberto E. | |
| 082 | 0 | 4 | |a 627.1F |
| 859 | |a Ar-BaUNS |b BIB. CENTRAL - Sector C |h 627.1 |i St74 |k F |p 86273/981 |v 1 |3 Vol.1 | ||
